The Development of Legal Philosophy (Record no. 654)
[ view plain ]
| 000 -LEADER | |
|---|---|
| fixed length control field | 00344nam a22001217a 4500 |
| 008 - FIXED-LENGTH DATA ELEMENTS--GENERAL INFORMATION | |
| fixed length control field | 230606b xxu||||| |||| 00| 0 eng d |
| 082 ## - DEWEY DECIMAL CLASSIFICATION NUMBER | |
| Classification number | 340.1 |
| Item number | MIH |
| 100 ## - MAIN ENTRY--PERSONAL NAME | |
| Titles and words associated with a name | Pascal B. Mihyo |
| 245 ## - TITLE STATEMENT | |
| Title | The Development of Legal Philosophy |
| 260 ## - PUBLICATION, DISTRIBUTION, ETC. (IMPRINT) | |
| Place of publication, distribution, etc. | Nairobi,Kmpala ,Dar es Salaam |
| Name of publisher, distributor, etc. | East African Literature Bureau |
| Date of publication, distribution, etc. | 1977 |
| 300 ## - PHYSICAL DESCRIPTION | |
| Extent | 187p |
| 942 ## - ADDED ENTRY ELEMENTS (KOHA) | |
| Source of classification or shelving scheme | Dewey Decimal Classification |
| Koha item type | Books |
| Withdrawn status | Lost status | Source of classification or shelving scheme | Damaged status | Not for loan | Home library | Current library | Date acquired | Total Checkouts | Full call number | Barcode | Date last seen | Price effective from | Koha item type |
|---|---|---|---|---|---|---|---|---|---|---|---|---|---|
| Dewey Decimal Classification | Bunge Tower Library | Bunge Tower Library | 06/06/2023 | 340.1 MIH | 10001351 | 06/06/2023 | 06/06/2023 | Books |
